000 02047nam a2200349 c 4500
003 BLK
005 20240229004017.0
008 180409b bul|||||r ||||||| ||bul||
010 _aKNG00114223000
020 _a954-739-370-7
_bиздат.: Захарий Стоянов
040 _aBLK
041 _aBUL
_cBUL
080 _aБългарска литература
_b821.163.2
_x-83
_z821.163.2-83
080 _aБългарска литература
_b821.163.2
_x-94
_z821.163.2-94
100 1 _aНеофит Бозвели
_eпърви автор
_9365738
139 _aНеофит Бозвели
_bН 57
245 1 0 _aМати Болгария
_cНеофит Бозвели; състав. Иван Гранитски.
257 _aBGR
260 София
_bЗахарий Стоянов
_c2003
_fСофия : Образование и наука
300 _a245 с.
_c20 см
380 _aX
490 1 _aПоредица Българска класика
_v37
500 _aСъдържа и Речник за по-непознати и чужди думи в произведенията на Бозвели ; Редове от биографията / М. Куманов ; Мати Сербiа посестрима / А. Теодоров Балан ; Заветът на Мати Болгария / М. Арнаудов ; Неофит Бозвели или ходене по мъките / Б. Пенев ; Неофит Бозвели. Зараждащата се енергия на съпротивата / П. Анчев
600 1 4 _aНеофит Бозвели
_9365738
700 1 _aГранитски, Иван
_qДимитров, Иван Йорданов
_d1953-
_gЖурналист, литературен критик, теоретик и историк, поет, публицист и издател.
_eсъстав.
_955767
852 _aЦб 220421
856 4 _qpdf
_u
856 4 _qpdf
_u
942 _cKNG
_n0
944 _aCR
_c16.07.2004
_k
_lCRON CRON
944 _aED
_c06.01.2009
_k
999 _c108912
_d108912